Statistics for Women who appear in Forbes 100 most powerful celebrities

Click here to take the quiz!

General Stats

  • This quiz has been taken 359 times
  • The average score is 13 of 33

Answer Stats

Top 100 RankingCategoryAnswer% Correct
#1MusiciansBeyonce Knowles
84%
#4PersonalitiesOprah Winfrey
82%
#18MusiciansTaylor Swift
74%
#19MusiciansLady Gaga
70%
#5PersonalitiesEllen DeGeneres
68%
#80PersonalitiesKim Kardashian
68%
#9MusiciansKaty Perry
65%
#8MusiciansRihanna
62%
#84AuthorsJ.K. Rowling
60%
#73ActressesAngelina Jolie
58%
#69AthletesSerena Williams
58%
#92ActressesMeryl Streep
52%
#33MusiciansJennifer Lopez
50%
#12ActressesJennifer Lawrence
47%
#17MusiciansMiley Cyrus
43%
#36ActressesSandra Bullock
37%
#56ModelsGisele Bundchen
32%
#100ActressesNatalie Portman
29%
#91ModelsKate Moss
28%
#97ActressesCameron Diaz
27%
#77ActressesJennifer Aniston
27%
#76ActressesScarlett Johansson
24%
#63AthletesMaria Sharapova
22%
#85AthletesLi Na
21%
#54Television actressesSofia Vergara
21%
#90ActressesGwyneth Paltrow
20%
#99Television actressesKaley Cuoco
18%
#81ActressesAmy Adams
17%
#94ModelsKate Upton
13%
#93Television actressesKerry Washington
12%
#96Television actressesZooey Deschanel
8%
#98Television actressesLena Dunham
6%
#95AuthorsVeronica Roth
4%

Score Distribution

Percentile by Number Answered

Percent of People with Each Score

Your Score History

You have not taken this quiz